[Event "ISR-chT"]
[Site "Ramat Aviv"]
[Date "2000.01.14"]
[Round "1.2"]
[White "Tsesarsky, Ilya"]
[Black "Labok, Boris"]
[Result "1-0"]
[WhiteElo "2458"]
[BlackElo "2380"]
[Annotator "Tsesarsky,I"]
[PlyCount "77"]
[EventDate "2000.01.14"]
[EventType "team"]
[EventRounds "11"]
[EventCountry "ISR"]
[SourceTitle "CBM 074 Extra"]
[Source "ChessBase"]
[SourceDate "2000.03.10"]
[SourceVersion "2"]
[SourceVersionDate "2000.03.10"]
[SourceQuality "1"]
[WhiteTeam "Jerusalem Elitzur"]
[BlackTeam "Jerusalem Elitzur II"]
[WhiteTeamCountry "ISR"]
[BlackTeamCountry "ISR"]

1. Nf3 g6 2. c4 Bg7 3. d4 d6 4. Nc3 Bg4 5. e3 Nc6 6. Be2 e5 7. d5 Nce7 8. Qb3
Bc8 {In this variation black receive worse position} (8... b6 $2 9. Nxe5 Bxe2
10. Qa4+ Kf8 (10... b5 11. Qxb5+ Kf8 (11... c6 12. Nxc6 $18) 12. Nd7+ Ke8 13.
Nf6+ Kf8 14. Nxg8 Rb8 (14... Bd3 15. Nxe7 Qxe7 16. Kd2 (16. Qb3 Qg5 $44) 16...
Bf5 17. Qc6 Rb8 18. Rd1 $18) 15. Qa4 Bd3 16. Nxe7 Qxe7 17. Qxa7) 11. Nd7+ Ke8
12. Nxb6+ $18) (8... Bxf3 9. Bxf3 b6 10. Qa4+ Kf8 (10... Qd7 11. Nb5 {[%cal
Gb5c7]} (11. Qxd7+ Kxd7 12. e4 $14) 11... Kf8 12. Qa6 $16) 11. O-O Nf6 (11...
f5 12. e4 $16 (12. Be2 Nf6 13. f4 e4 14. Qc2 $14 {1/2-1/2 Dizdar,G-Arapovic,V/
Porec CRO 1998 (20)})) 12. e4 h5 13. Qc2 Bh6 14. Bxh6+ Rxh6 15. b4 $16 {
1-0 Wirthensohn,H-Stangl,M/Altensteig 1990 (41)}) 9. c5 $14 (9. e4 Bh6 (9...
Nf6 10. O-O (10. c5 dxc5 11. Nxe5 Nfxd5 (11... O-O 12. Bf4 $16) 12. Nxf7 $1 $16
) 10... O-O 11. Bd2 Nd7 12. Rac1 f5 13. Ng5 Nc5 14. Qa3 h6 15. b4 Nxe4 16.
Ncxe4 fxe4 17. Nxe4 $14) 10. c5 a6 11. O-O Kf8 12. Qa3 (12. cxd6 cxd6 13. Ng5
$16) 12... Rb8 (12... Bxc1 13. Raxc1 Nf6 14. Nb5 Ne8 $14) 13. b4 Bxc1 14. Raxc1
$14 {1/2-1/2 Ivanov,I-Harper,B/Montreal 1981 (45)}) (9. Bd2 Nf6 10. O-O O-O 11.
Rac1 h6 12. Rfd1 Ne8 13. Be1 f5 14. c5 $14 {1-0 Bersoult,F-Viatte,R/France tt
1993 (36)}) 9... dxc5 $6 $16 (9... Nf6 10. cxd6 cxd6 11. Bb5+ Nd7 (11... Kf8
12. e4 h6 13. O-O Kg8 14. Bd2 a6 15. Be2 Kh7 16. Be3 Neg8 17. Nd2 $16 {1-0
Fokin,S-Shereshevski,M/Spartakiada URS Moscow RUS 1979/ (34)}) 12. e4 $14) 10.
e4 (10. Qb5+ $2 c6 11. dxc6 Nxc6 12. O-O (12. Qxc5 Qe7 13. Ne4 Nf6 14. Bb5 Qxc5
15. Nxc5 Nd7 16. Ne4 O-O 17. O-O Nb6 $11) 12... Qb6 13. Ne4 Qxb5 14. Bxb5 Nge7
15. Nxc5 $11 (15. Rd1 O-O 16. Nxc5 b6 17. Ne4 Bg4 $15)) 10... c6 $2 $18 (10...
Qd6 11. Be3 $1 (11. Bb5+ Kf8 12. O-O f5 (12... Bg4 13. Nd2 Bh6 14. Be2 Bxe2 15.
Qxb7 Bxf1 16. Qxa8+ Kg7 17. Nxf1 $14) 13. Ng5 a6 $15) 11... b6 (11... Nf6 12.
Nb5 Qb6 13. Nxe5 Nxe4 (13... a6 14. Nc4 Qxb5 15. Nd6+ cxd6 16. Bxb5+ axb5 17.
Qxb5+ $16) 14. Nc4 $18) 12. Nb5 Qd7 13. d6 $1 cxd6 14. Rd1 d5 (14... Nc6 15.
Nxd6+ Kf8 16. Bb5 $18) 15. exd5 a6 16. d6 $1 {Two times d6!} axb5 17. dxe7 c4 (
17... Qe6 18. Bxb5+ Kxe7 19. Bc4 $18) 18. Bxc4 bxc4 19. Qxb6 Nxe7 20. Rxd7 Bxd7
21. O-O $16) 11. Be3 cxd5 12. Bxc5 $1 (12. exd5 $5 Nf5 (12... b6 13. O-O-O Bd7
14. d6 (14. Nb5 Nf5 15. d6 Kf8 16. Bg5 Bf6 $44) 14... Nc6 15. Nd5 Rc8 16. Ba6
Na5 17. Qc3 Rc6 18. Bg5 f6 19. Nxe5 $1 $18) 13. Bxc5 Nge7 14. Rd1 (14. Bb5+ Bd7
15. Rd1 O-O 16. O-O Bxb5 17. Qxb5 b6 18. Ba3 Nd6 19. Bxd6 (19. Qa6 Nef5 20.
Rfe1 Re8 21. Ne4 Nxe4 22. Rxe4 Nd4 23. Nxd4 exd4 24. Rxe8+ Qxe8 $11) (19. Qe2
Nef5 20. Ne4 Re8 $14) 19... Qxd6 20. Ne4 $14) 14... Nd6 (14... b6 15. Ba3 O-O
16. d6 Nc6 17. d7 Bxd7 18. Bxf8 Kxf8 (18... Bxf8 19. Qd5 Nfd4 20. Nxe5 $18) 19.
Ng5 Nh6 20. Nxh7+ Kg8 21. Qd5 Nd4 22. Ng5 Bc6 23. Qxd8+ Rxd8 24. f3 Nhf5 25.
Kf2 $18) 15. Bxd6 Qxd6 16. Nb5 $18) 12... b6 (12... d4 $5 13. Nb5 Be6 14. Qa3 (
14. Bc4 Bxc4 15. Qxc4 Rc8 16. Rc1 Rc6 17. Nxa7 $16) 14... Nc8 (14... Kf8 15.
Ng5 a6 (15... Bc8 16. Nd6 Nh6 17. Bc4 $18 {[%csl Rf7]}) 16. Nxe6+ (16. Nd6 b6
17. Bb4 a5 18. Qf3 Nf6 19. Nxe6+ fxe6 20. Ba3 $16) 16... fxe6 17. Nd6 b6 18.
Bb4 a5 19. Qf3+ Nf6 20. Ba3 $16) 15. Rc1 Bh6 16. Rc2 f6 17. Bxd4 $18) (12...
dxe4 13. Ng5 Nh6 14. Rd1 Qc7 15. Bb5+ Kf8 (15... Nc6 16. Ncxe4 Nf5 17. Nxf7
Qxf7 18. Rd8+ Kxd8 19. Qxf7 $18) 16. Bd6 Qd8 17. Bb4 Qc7 18. Nd5 $18) 13. Ba3
Nf6 (13... dxe4 14. Ng5 $16 Be6 15. Bb5+ Kf8 16. Nxe6+ fxe6 17. Rd1 $18) 14.
Bb5+ (14. exd5 O-O (14... Nd7 15. O-O O-O 16. Ne4 $16) 15. Nxe5 Nfxd5 16. Nxd5
Qxd5 17. Qxd5 Nxd5 18. Bxf8 Kxf8 19. Nd3 Bf5 20. Rd1 (20. O-O-O Rc8+ 21. Kd2
Bxd3 22. Bxd3 Bxb2 $16) 20... Bxd3 21. Rxd3 Nf4 $16 {[%csl Rb2,Rd3,Rg2]}) 14...
Bd7 15. Nxe5 (15. exd5 O-O (15... e4 16. Ne5 O-O 17. Nxd7 Nxd7 18. Nxe4 $18)
16. Rd1 Bxb5 17. Qxb5 $16) (15. Bxd7+ Qxd7 16. Nxe5 Qe6 17. Qb5+ Kd8 $1 (17...
Nd7 18. Nxd7 Bxc3+ 19. bxc3 Qxd7 20. Qxd7+ Kxd7 21. O-O-O Rac8 22. Kb2 Rhe8 23.
Rhe1 $16) 18. Bxe7+ (18. f4 Nxe4 19. Bxe7+ Kxe7 20. Nxd5+ Kf8 21. Nc7 (21. Qb4+
Nc5 {[%cal Gc5d3]}) 21... Qd6 $17) 18... Kxe7 19. Nc6+ Kf8 20. Qb4+ Ke8 21. Nd4
Qg4 22. O-O $16 {[%csl Re8]}) 15... O-O (15... Bxb5 16. Qxb5+ Nd7 17. Nxd5 $1
a6 (17... Bxe5 18. Bxe7 $18) (17... Nxd5 18. Nxf7 $3 Kxf7 19. Qxd5+ Kf6 20.
Qc6+ Kf7 (20... Kg5 21. Rd1 $18) 21. Rd1 $18) 18. Qxd7+ (18. Qb3 Nxd5 19. Nxf7
Kxf7 20. Qxd5+ Kf6 21. Qc6+ Kg5 22. Rd1 Ra7 23. h4+ $18) 18... Qxd7 19. Nxd7
Nxd5 20. Rd1 O-O-O 21. Rxd5 Rxd7 22. Rxd7 Kxd7 23. Ke2 $16) 16. Nxd7 $2 {
White didn't evaluate well 17...Bxc3} ({After} 16. Nxd5 $1 {it was possible
for Black to resign.} Nfxd5 (16... Nexd5 17. Nxd7 Nxd7 18. Bxf8 Qxf8 19. exd5
$18) 17. Nxd7 Re8 18. Rd1 $18) 16... Nxd7 17. Bxd7 $6 (17. Nxd5 Nc5 18. Rd1 $1
(18. Bxc5 bxc5 19. O-O-O Rb8 $1 20. Nf6+ Bxf6 21. Rxd8 Rfxd8 $132 {[%csl Rb2]})
18... Nxd5 19. Qxd5 Qe7 20. O-O $16) 17... Bxc3+ 18. bxc3 Qxd7 19. exd5 Rfe8
$14 (19... Rfd8 20. c4 (20. d6 Nf5 21. O-O Nxd6 22. Rad1 Qc6 $11) 20... b5 21.
Bb2 (21. d6 bxc4 22. Qxc4 Nf5 23. Rd1 Re8+ 24. Kf1 Re6 25. Qd5 Rd8 26. h4 Nxd6
27. h5 Qa4 28. Qb3 $11 (28. Rh3 $2 Nb7 $1 $17) (28. hxg6 Qxa3 (28... hxg6 29.
Bb2 $18) 29. gxh7+ (29. gxf7+ Nxf7 $19) 29... Kh8 $15)) 21... f6 (21... bxc4
22. Qc3 f6 23. Qxf6 Nxd5 24. Qh8+ Kf7 25. Qxh7+ $18) 22. cxb5 Nxd5 23. O-O $16)
20. O-O-O $5 {[%csl Ra2,Rc1,Rc3,Yd5] Black have some compensation for P} (20.
O-O Qxd5 21. c4 Qf5 22. Bb2 Nc6 23. Rad1 Re2 24. Qc3 Qe5 $11) 20... Rac8 21.
Rhe1 Nf5 $2 $16 (21... Rxc3+ 22. Qxc3 Rc8 23. Qxc8+ Nxc8 (23... Qxc8+ 24. Kb2
Nf5 25. g4 Nh4 26. d6 Qd7 27. Re7 Qb5+ 28. Ka1 Qa4 29. Rd3 Qc2 30. Ree3 $18)
24. d6 $18) (21... b5 $1 {[%csl Rc4]} 22. Bb4 Rc4 23. h3 (23. Qa3 Nc8 24. Rxe8+
Qxe8 25. d6 Qd7 26. Qa6 (26. f3 Nb6 27. Qb2 Rc8 28. Qf2 Nc4 29. Rd5 $14) 26...
Nb6 $14)) 22. Kb1 (22. Rxe8+ Qxe8 (22... Rxe8 23. g4 Nd6 24. f3 (24. Bxd6 Qxd6
25. Qb4 Qxh2 26. d6 Qxf2 27. d7 Qe3+ 28. Kb1 Rd8 $15) 24... Re3 25. Qb4 {
[%csl Rd6,Rf8][%cal Gb4f8]} Qb5 26. Kc2 $1 $16) 23. d6 Qd7 24. g4 Ng7 25. f3
Ne6 26. Kb2 $16) 22... Nd6 (22... Rxe1 23. Rxe1 Nh4 24. d6 Nxg2 25. Re7 Qf5+
26. Qc2 Qb5+ 27. Ka1 Nf4 (27... Rd8 28. c4 Qc6 29. Qc3 {[%cal Ga3b2]} Nh4 30.
Bb2 f6 31. Rg7+ $3 Kh8 (31... Kxg7 32. Qxf6+ Kg8 (32... Kh6 33. Qxh4#) 33. Qg7#
) 32. Rxg6 $1 Rxd6 (32... Qh1+ 33. Bc1 Rxd6 34. Rxf6 $18) 33. Qxf6+ $18) 28. d7
Rd8 29. Qe4 Qf1+ 30. Kb2 Qb5+ 31. Kc2 $18) 23. Rxe8+ Rxe8 24. Bxd6 $1 Qxd6 25.
Qb4 Qf6 (25... Qxh2 26. d6 Rd8 27. d7 Qxg2 28. Qe7 Qa8 29. Re1 Kg7 30. Qe5+ f6
31. Qe7+ Kh6 32. Qxf6 Rxd7 33. f3 {[%cal Ge1h1]} Rd5 34. Qf4+ Rg5 35. Rh1+ $18)
26. d6 Rd8 27. Qd4 Kg7 $6 $18 {this rook endgame is winning} (27... Qf5+ $142
$16) 28. Kb2 Qxd4 29. Rxd4 Kf6 30. Kb3 Ke6 (30... Ke5 31. d7 (31. f4+ Ke6 32.
Kc4 (32. Re4+ Kf6 33. Re7 a5 34. Rb7 Rxd6 35. Kc4 Rd2 36. Rxb6+ Kf5 37. Rb5+
Kxf4 38. Rxa5 Rxg2 $132) 32... Rxd6 33. Rxd6+ Kxd6 34. Kb5 Kc7 35. Ka6 (35. c4
Kb7 36. c5 a6+ 37. Kc4 Kc6 38. cxb6 Kxb6 39. Kd5 Kc7 40. Kc5 $18) 35... Kb8 36.
c4 f6 37. g4 h6 38. h4 g5 39. fxg5 fxg5 40. h5 Ka8 41. c5 bxc5 42. Kb5 Kb7 43.
Kxc5 Kc7 44. Kd5 Kd7 45. a4 $18) 31... Ke6 32. Kc4 Rxd7 33. Rxd7 Kxd7 34. Kd5
$18) 31. Re4+ {I only wanted to check my partner...} (31. Kc4 $1 Rxd6 32. Rxd6+
Kxd6 33. Kb5 Kc7 (33... Kd5 34. Ka6 Kc4 35. Kxa7 b5 36. Kb6 b4 37. cxb4 Kxb4
38. Kc6 $18) 34. Ka6 Kb8 35. c4 $18 {Foe example} Ka8 (35... g5 36. g4 Ka8 37.
c5 bxc5 38. Kb5 Kb7 39. Kxc5 Kc7 40. Kd5 Kd7 41. h3 f6 42. f3 Ke7 43. Kc6 Ke6
44. Kb7 a5 45. a4 $18) 36. c5 bxc5 37. Kb5 Kb7 38. Kxc5 Kc7 39. h4 h5 40. g3 f6
41. Kd5 Kd7 42. f3 g5 43. f4 gxf4 44. gxf4 $18) 31... Kxd6 $6 (31... Kf6 32.
Rd4 $18 (32. Ra4 Rd7 $5 (32... Rxd6 33. Rxa7 Rd2 $132) 33. Rd4 Ke6 34. Kc4 a6
35. Re4+ Kxd6 (35... Kf6 36. Kd5 $18) 36. Rd4+ Kc6 37. Rxd7 Kxd7 38. Kd5 $18))
32. Rd4+ Kc7 33. Rxd8 Kxd8 34. Kc4 a6 35. Kd5 Kd7 36. f4 h6 37. g4 h5 38. gxh5
gxh5 39. Ke5 $138 (39. Ke5 Ke7 40. Kf5 h4 41. Kg4 Kf6 42. Kxh4 Kf5 43. Kg3 $18)
1-0

[Event "Mordechay Porat Memorial"]
[Site "Rehovot"]
[Date "2001.11.24"]
[Round "4"]
[White "Tsesarsky, Ilya"]
[Black "Zilberman, Yaacov"]
[Result "1/2-1/2"]
[WhiteElo "2442"]
[BlackElo "2471"]
[Annotator "Tsesarsky,I"]
[PlyCount "105"]
[EventDate "2001.11.23"]
[EventType "swiss"]
[EventRounds "5"]
[EventCountry "ISR"]
[SourceTitle "CBM 086"]
[Source "ChessBase"]
[SourceDate "2002.02.05"]
[SourceVersion "1"]
[SourceVersionDate "2002.02.05"]
[SourceQuality "1"]

1. Nf3 d6 2. d4 Bg4 3. c4 Nd7 4. Qb3 Rb8 5. Nbd2 (5. Be3 $5) (5. h3 {and}) (5.
g3 {-mainlines}) 5... e5 (5... Ngf6 6. g3 (6. h3 Bh5 7. g3 e5 8. Bg2 Be7 9. O-O
O-O 10. Re1 c6 11. e4 Re8 12. d5 Qa5 13. a3 (13. Nh4 $132) 13... Rec8 14. Qe3
cxd5 15. cxd5 $132 {1-0 Schmidt,W-Jaracz,P/POL-ch 1994/TD (40)}) 6... c5 7. Bg2
g6 8. Qa4 cxd4 9. Nxd4 Qb6 10. N2b3 e5 11. Nb5 a6 12. Nc3 Bg7 13. Nd5 $16 {
1-0 Nikolic,P-Smirin,I/Tilburg 1992/CBM 32 (49)}) (5... g6 6. h3 (6. g3 $5)
6... Bxf3 7. Nxf3 Bg7 8. e4 a6 9. a4 Ngf6 10. e5 dxe5 11. dxe5 Nc5 12. Qe3 Nfd7
13. b4 Ne6 14. c5 $132 {1/2-1/2 Olbrich,M-Bezold,M/Wuerzburg 1997/CBM 58 ext 
(25)}) 6. h3 (6. d5 Ngf6 7. g3 Be7 8. Bg2 O-O 9. O-O c6 10. e4 Nc5 11. Qe3 {
1/2-1/2 Polak,T-Har Zvi,R/Lazne Bohdanec 1997/CBM 57 (11)}) 6... Bxf3 7. Nxf3
c6 8. g3 ({Interesting was also} 8. Qe3 $5 {[%csl Ra7,Re5]} Ngf6 9. g4 $5 ({
Cannot be recommended P capture:} 9. dxe5 dxe5 10. Qxa7 Bc5 11. Qa4 e4 12. Nd2
e3 13. fxe3 Qe7 $44 (13... Bxe3 14. Qa3 Bh6 15. g3 Ra8 16. Qd6 $14)) 9... d5 $1
{and Black has sufficient play:} 10. Nxe5 (10. dxe5 Bc5 $44) (10. Bg2 e4 11.
Bd2 Be7 12. Ne5 $132 (12. Nh4 g6 13. g5 Nh5 14. cxd5 cxd5 15. f4 h6 $17)) 10...
Bb4+ 11. Bd2 Bxd2+ 12. Kxd2 O-O 13. Bg2 (13. Nxd7 Qxd7 14. c5 Ne4+ 15. Kc1 f5
16. Bg2 (16. f3 f4 17. Qa3 Ng3 18. Rg1 b6 19. e3 Rfe8 $17) (16. gxf5 Rbe8 $15)
16... Rbe8 $15) (13. Kc1 Re8 14. g5 (14. f4 dxc4 15. Bg2 c5 $15 {[%csl Rc1]})
14... Nxe5 15. dxe5 Nh5 16. Bg2 d4 17. Qd2 Rxe5 $15) 13... Re8 14. Kc1 $132)
8... Ngf6 9. Bg2 e4 10. Ng5 d5 $5 ({On} 10... Qe7 {[%csl Rf8]} {goes} 11. f3 $1
exf3 12. Nxf3 d5 13. O-O Ne4 14. Bf4 dxc4 15. Qxc4 Rd8 16. Rac1 $14) 11. Bf4 h6
$2 {Based on wrong position evaluation.} ({Right was} 11... Rc8 $1 {[%csl Rg5]
[%cal Gh7h6]} 12. h4 (12. Qxb7 $6 h6 13. Nxf7 (13. h4 hxg5 14. hxg5 Rxh1+ 15.
Bxh1 Nh5 16. cxd5 Nxf4 17. gxf4 Nb6 18. Bxe4 (18. dxc6 Rc7 $17) 18... cxd5 19.
Bd3 $15) 13... Kxf7 14. O-O $15) 12... h6 13. Nh3 Qa5+ 14. Bd2 Qb6 15. Nf4 $11)
12. Bxb8 Qxb8 13. Nxf7 $1 ({Worth of attention also} 13. h4 $5 hxg5 14. hxg5
Rxh1+ 15. Bxh1 Nh7 (15... dxc4 16. Qxc4 Nd5 17. Bxe4 $14) 16. g6 $1 (16. cxd5
Nxg5 $132) 16... Nhf6 $1 17. gxf7+ Ke7 $1 $13) 13... Kxf7 14. cxd5 cxd5 {
Played very quickly.} ({I also had calculated another way:} 14... c5 $1 15. d6+
(15. Rd1 Bd6 16. O-O $14) 15... Ke8 (15... Kg6 16. Qe6 h5 17. g4 $18) 16. Bxe4
Nxe4 17. Qe6+ Kd8 18. Qxe4 Bxd6 19. Rd1 $14) 15. Bxe4 Qd6 16. Bd3 Qb4+ 17. Qxb4
Bxb4+ 18. Kd1 Ke6 19. Rc1 Bd6 20. e3 Ne4 21. Ke2 Rf8 22. Bxe4 (22. Rh2 h5 23.
Rg2 g5 24. g4 h4 25. a3 (25. f3 Ng3+ 26. Kf2 Ne4+ $11) 25... a5 $44) 22... dxe4
23. Rhf1 Nf6 24. g4 Kd7 $2 $16 {Serious mistake} ({At the game I was afraid of
} 24... Kd5 $1 25. f3 Re8 26. f4 $1 $14 (26. fxe4+ Kxe4 $1 {[%csl Ge4] Brave
K! Zilberman said after the game - K on e4 is vulnerable, but it is not
exactly! It is very difficult for White to repel Ke4 and to promote his
central PP:} 27. Rf5 (27. Rf3 Nd5 28. g5 hxg5 29. Rg1 Rc8 30. Rg4+ Bf4 31. exf4
Nxf4+ 32. Rfxf4+ gxf4 $17) 27... Nd5 28. Rf3 Be7 $15)) 25. f3 Re8 26. fxe4 Rxe4
27. Kd3 Re6 $2 $18 {Serious mistake - Black will not be able to stop Pe3 by e4
square blockade.} ({Right was} 27... Re7 28. Rf5 $16 (28. Rce1 Ne4 29. Rf5 a6
30. Rc1 $16 {[%csl Ge4] It is not easy for White to promote Pe3 because of
blockade on e4.})) 28. Rce1 Bb4 (28... Ne4 29. Rf7+ $18 {[%csl Rg7]}) 29. Re2
Ra6 30. a3 Be7 31. e4 {Now white central pass pair of PP is very strong.
Position of black became difficult.} Rb6 32. Rc1 a5 33. Rc3 g5 34. Kc2 $6 ({
Strong was} 34. d5 $1 {[%cal Gd3c4,Ge4e5]} h5 35. Kc4 $1 (35. gxh5 Nxh5 36. Kd4
$16) 35... hxg4 36. e5 gxh3 37. exf6 Bxf6 38. Rxh3 $18) 34... Re6 35. Rb3 $2
$16 {Gives to Black serious chances to draw.} (35. Kd3 $1 $18 {[%cal Gd4d5]})
35... Rxe4 36. Rxb7+ Ke6 37. Kd3 (37. Rxe4+ $6 Nxe4 38. Rb5 {[%cal Gb5e5]} Nf2
39. Re5+ Kd7 (39... Kd6 40. Rxa5 Nxh3 41. Rf5 Nf4 $14) 40. Rxa5 Nxh3 41. Rf5
Nf4 42. b4 $14) 37... Rxe2 38. Kxe2 Nd5 39. Kf3 a4 40. Ra7 Nf4 41. Rxa4 Nxh3
42. Ra6+ Bd6 43. b4 Nf4 44. b5 $2 $44 {Pseudoactivity.} (44. Ra5 $1 $16 {
[%csl Re6][%cal Ga5b5,Ga3a4,Ga5g5]}) 44... Kd5 45. a4 Ne6 46. Rxd6+ ({Brings
nothing} 46. Ke3 {because of} Bf4+ 47. Kd3 Nxd4 48. Rxh6 Nb3 $1 {and white PP
on the queenside become vulnerable:} (48... Nf3 49. a5 Ne5+ 50. Ke2 Nxg4 51. a6
Nxh6 52. a7 $18) 49. Kc2 Kc4 50. b6 Nd4+ 51. Kd1 Kb4 52. b7 Kxa4 53. Rb6 Bb8
54. Rg6 Kb5 55. Rg8 Nc6 56. Rxg5+ Kb6 57. Rg7 Bc7 58. g5 Ne5 $11) (46. b6 Nxd4+
47. Kg2 Nc6 48. a5 Kc5 49. Ra8 Kb5 50. b7 Nb8 51. Kf3 Bf4 52. Ke4 Na6 53. Kf5
Kxa5 54. Rh8 $11) 46... Kxd6 47. Ke4 Nf4 $1 ({Black loses after} 47... Ng7 $2
48. a5 Ne8 (48... h5 49. a6 Kc7 50. d5 hxg4 (50... Ne8 51. gxh5 Nd6+ 52. Ke5 g4
53. a7 Kb7 54. Kxd6 g3 55. a8=Q+ Kxa8 56. Kc7 g2 57. b6 g1=Q 58. b7+ Ka7 59.
b8=Q+ Ka6 60. Qa8+ Kb5 61. Qc6+ Ka5 62. d6 $18) 51. d6+ Kb6 52. Ke5 g3 53. d7
Kc7 54. a7 $18) 49. Kf5 ({Or} 49. b6 Kd7 (49... Kc6 50. d5+ $18) 50. a6 (50.
Kf5 Nd6+ 51. Kg6 Kc6 52. Kxh6 Kb5 $11) 50... Kc6 51. b7 Kc7 52. Kd5 (52. Kf5
Kb8 $11) 52... Nf6+ 53. Ke6 Ne4 54. Ke5 $18) 49... Nc7 50. b6 (50. Kg6 Nxb5 $11
) 50... Nb5 (50... Na6 51. Kg6 $18) 51. d5 $18) 48. a5 h5 $4 $18 (48... Kc7 $8
{And Black survives:} 49. a6 $5 (49. d5 Kd6 50. b6 Nxd5 51. b7 Nf6+ (51... Nc3+
52. Kd3 Kc7 53. Kxc3 $18) 52. Kf5 Nd7 53. Kg6 Kc7 54. a6 Ne5+ $11) (49. Ke5
Ng6+ 50. Kd5 Nf4+ 51. Ke4 Ne2 52. b6+ Kb7 53. d5 Nc1 $3 {[%csl Ra5][%cal Gc1b3,
Gb3a5]} 54. Kf5 (54. d6 Nb3 55. Kf5 Nxa5 $11) 54... Nb3 55. Kg6 Nxa5 56. Kxh6
Nc4 57. Kxg5 Nxb6 $11) 49... Kb6 50. d5 Ne2 51. d6 (51. Kf5 Nc3 52. Kg6 (52. d6
Nxb5 53. d7 Nd4+ 54. Kg6 Nc6 (54... Ne6 55. Kf7 Nd8+ 56. Ke8 Nc6 57. d8=Q+ Nxd8
58. Kxd8 Kxa6 59. Ke7 Kb7 60. Kf7 Kc7 61. Kg6 Kd7 62. Kxh6 Ke7 63. Kxg5 $18)
55. Kxh6 Kxa6 56. Kxg5 Kb7 57. Kf6 Kc7 58. g5 Kxd7 59. g6 Ne7 $11) 52... Nxb5
53. Kxh6 Kxa6 54. Kxg5 Kb6 $11) 51... Nc3+ 52. Kf5 Nxb5 {-see above.}) 49. a6
Kc7 50. gxh5 $4 $138 ({Right was} 50. d5 $1 h4 (50... Nxd5 51. Kxd5 h4 52. Kc5
h3 53. b6+ $18) (50... hxg4 51. d6+ Kb6 52. Kf5 g3 53. d7 Kc7 54. a7 g2 $18)
51. d6+ Kb6 52. Kf5 $18) 50... Nxh5 51. d5 (51. Kf5 Ng7+) 51... Nf6+ 52. Ke5
Nd7+ 53. Kf5 1/2-1/2

[Event "Eilat GP "]
[Site "Eilat"]
[Date "2001.11.16"]
[Round "3"]
[White "Tsesarsky, Ilya"]
[Black "Tseitlin, Mark D"]
[Result "0-1"]
[WhiteElo "2442"]
[BlackElo "2509"]
[Annotator "Tsesarsky,I"]
[PlyCount "48"]
[EventDate "2001.11.15"]
[EventType "swiss"]
[EventRounds "5"]
[EventCountry "ISR"]
[SourceTitle "CBM 086"]
[Source "ChessBase"]
[SourceDate "2002.02.05"]
[SourceVersion "1"]
[SourceVersionDate "2002.02.05"]
[SourceQuality "1"]

1. Nf3 g6 2. e4 Bg7 3. d4 d6 4. c4 Bg4 5. Nc3 $6 $132 (5. Be2 $5 {-more
flexible theoretical variation.}) 5... Bxf3 $1 {Good reaction! Black damages
whitw PP chain and prepares Nb8-c6 and e7-e5 or c7-c5 with very strong play on
the dark squares.} (5... Nc6 6. Be3 e5 7. d5 (7. dxe5 dxe5 8. Qxd8+ Rxd8 9. Nd5
Rd7 10. Nd2 Nd4 $15 {0-1 Wolff,A-Petursson,M/San Bernardino 1992/TD (41)}) (7.
Ne2 Bxf3 8. gxf3 exd4 (8... Nf6 $6 9. d5 Ne7 10. Qb3 b6 11. Nc3 Nd7 12. Bh3 O-O
13. O-O-O $14 (13. O-O f5 $15 {1-0 Pernes,B-Miller,G/Dallas 2000/EXT 2001 (55)}
)) 9. Nxd4 Nxd4 10. Bxd4 Bxd4 11. Qxd4 Qf6 $15 {[%csl Rf2,Rf3]}) 7... Nd4 8. h3
(8. Nb5 c5 9. dxc6 bxc6 10. Nbxd4 exd4 11. Bxd4 Bxf3 12. gxf3 Qa5+ 13. Ke2 Nf6
14. Bc3 $14 {0-1 Quinteros,M-Fulgenzi,E/Buenos Aires 1991/EXT 2000 (44)}) 8...
Bxf3 9. gxf3 Qf6 10. Bg2 c6 11. h4 $132 {1-0 Theophilo,A-Souza Mendes,J/Belo
Horizonte 1966/EXT 2001 (20)}) 6. gxf3 Nc6 7. d5 (7. Be3 $143 $6 e5 8. dxe5 (8.
d5 Nd4 9. Qa4+ (9. f4 c5 10. fxe5 Bxe5 (10... dxe5 11. Qa4+ Kf8 $13) 11. Bg2
Qh4 $132) 9... Kf8 10. Bxd4 exd4 11. Nb1 Nf6 $15 {0-1 Schweiger,C-Korotylev,A/
Passau 1995/EXT 99 (29)}) 8... Bxe5 9. Rc1 Nf6 10. Qd2 O-O 11. Nd5 Re8 12. Bg2
Nh5 13. h4 Ne7 14. Nc3 f5 $15 {0-1 Vukanovic,S-Zlochevskij,A/Novi Sad 1989/EXT
2000 (34)}) 7... Nd4 8. Be3 c5 9. dxc6 Nxc6 {We can already make conclusion:
White has pair of BB, but PP weaknesses is more important factor. Black has at
least equality.} 10. Qd2 (10. Rc1 $5) 10... Rc8 11. f4 Nf6 12. Bh3 e6 $5 {
[%csl Rd6] Weakens Pd6, but active stile of Mark Tseitlin is not accept Rc8
retreat...} (12... Rb8 13. Rd1 $132) 13. Rd1 {[%csl Rd6][%cal Gd1d6]} O-O 14.
Qxd6 Qa5 15. Qc5 $5 ({Worth of attention} 15. O-O $1 Qh5 16. Kg2 Ng4 $1 {
[%cal Gg7c3,Gc8c3]} (16... Nxe4 $4 17. Nxe4 Rcd8 {[%csl Rd1][%cal Gd8d1]} 18.
Qc5 $18) (16... Rcd8 17. Qc5 e5 $5 {[%csl Rg2]} 18. f3 $5 exf4 19. Qxh5 Nxh5
20. Bc5 $14 {[%csl Gc5,Gh3]}) 17. Qd2 Rfd8 18. Qe1 Nxe3+ 19. fxe3 Bxc3 20.
Rxd8+ Nxd8 21. Qxc3 b5 $132 {[%csl Rc4,Rh3][%cal Gh5e2]}) 15... Nh5 $1 16. Bg4
$2 $17 {Tactical blunder...} ({Right was} 16. Qxa5 Nxa5 17. c5 Nc4 $132) 16...
Nxf4 $1 17. Qxa5 (17. O-O Qxc5 18. Bxc5 Rfd8 $17 {[%csl Rc3,Rc4,Rg4][%cal
Gg7b2,Gc8c3]}) 17... Ng2+ 18. Ke2 $6 {White tries to catch Ng2, but it is
impossible...} (18. Kd2 Nxa5 19. b3 Nxe3 20. fxe3 Nc6 21. Kc2 Ne5 22. Be2 Bh6
$17) 18... Nxa5 19. Bc1 {[%csl Rg2][%cal Gg2h4]} Nxc4 20. Nd5 $2 $19 ({Why not
} 20. Rhg1 Nh4 21. Rd7 $17 {With certain chances to survive.}) ({Badly is to
continue N catching stratagy:} 20. Kf3 $2 Nh4+ 21. Kg3 f5 22. Be2 (22. Kxh4
fxg4 $19 {[%csl Rb2,Rf2][%cal Gf8f2,Gg7b2]}) 22... Bf6 23. Kh3 $5 g5 24. Bxg5
$1 Bxg5 25. Rhg1 h6 26. f4 Nxb2 $19) 20... exd5 21. Bxc8 Rxc8 22. b3 (22. Kf3
Nh4+ 23. Kg4 Bf6 $19) 22... Nd6 23. Kf3 Nh4+ 24. Kg4 Nxe4 $1 0-1